000 02824nam a2200445Ia 4500
001 ovld21000108
003 UtOrBLW
005 20210303085007.0
006 m o d
007 cr cn|||||||||
008 170327t20172017enk ob 000 0 eng d
020 _a9781787141544 (e-book)
040 _aUtOrBLW
_beng
_erda
_cUtOrBLW
050 4 _aLB2342.9
_b.E54 2017
072 7 _aJNM
_2bicssc
072 7 _aEDU015000
_2bisacsh
082 0 4 _a378.197
_223
245 0 0 _aEngaging dissonance :
_bdeveloping mindful global citizenship in higher education /
_cedited by Amy Lee, Rhiannon D. Williams.
264 1 _bEmerald Publishing Limited,
300 _a1 online resource (280 pages).
490 1 _aInnovations in higher education teaching and learning,
_x2055-3641 ;
_vv. 9
505 0 _aPrelims -- part I: Toward a conceptual framework to support global citizenship -- part II: enacting global citizenship classroom and programs -- part III: Teacher learning as lifelong intercultural learner -- Social-emotional competence: vital to cultivating mindful global citizenship in higher education -- About the authors -- About the editors -- Author index -- Subject index.
520 _aThis volume explores the internationalization of higher education in the context of global citizenry and intercultural competencies. It focuses on presenting dissonance as a means to facilitating students openness to complexity and development of intercultural skills or their experiences in the classroom. This volume provides educators with a conceptual and practical resource that focuses on the critical role of cognitive complexity/dissonance in the education of global citizens and the enactment of intercultural pedagogy. Addressing the tensions and complexities of varying viewpoints and experiences with equity and intercultural work will challenge readers to think critically about the implications of individual practice as well as unit and institutional structures and support in relation to desired college equity and intercultural goals.
504 _aIncludes bibliographical references.
588 0 _aPrint version record
650 7 _aEducation
_xHigher.
_2bisacsh
650 7 _aHigher & further education, tertiary education.
_2bicssc
650 0 _aInternational education.
650 0 _aEducation and globalization.
650 0 _aEducation, Higher.
700 1 _aLee, Amy,
_d1967-
_eeditor.
700 1 _aWilliams, Rhiannon D.,
_eeditor.
776 1 _z9781787141551
830 0 _aInnovations in higher education teaching and learning ;
_v v. 9.
856 4 0 _uhttps://www.emerald.com/insight/publication/doi/10.1108/S2055-364120179
999 _c30393
_d30393